[Event "21st ch-EUR Indiv w 2021"]
[Site "Iasi ROU"]
[Date "2021.08.13"]
[Round "5.25"]
[White "Ilyuchyk, Yana"]
[Black "Efroimski, Marsel"]
[Result "1/2-1/2"]
[WhiteTitle "WFM"]
[BlackTitle "IM"]
[WhiteElo "2097"]
[BlackElo "2446"]
[WhiteFideId "13508407"]
[BlackFideId "2810964"]
[EventDate "2021.08.09"]

1. e4 c5 2. Nf3 Nc6 3. d4 cxd4 4. Nxd4 g6 5. c4 Bg7 6. Be3 Nf6 7. Nc3 O-O 8. Be2
d6 9. h3 Bd7 10. O-O Nxd4 11. Bxd4 Bc6 12. Qc2 a5 13. Rad1 Nd7 14. Bxg7 Kxg7 15.
f4 a4 16. Kh2 Qa5 17. Nd5 Rfe8 18. b4 axb3 19. axb3 Bxd5 20. Rxd5 Qa2 21. Qc3+
Kg8 22. Rd2 Qa3 23. Bd3 Rec8 24. e5 Nc5 25. Bc2 b5 26. f5 dxe5 27. Qxe5 Qa7 28.
b4 Nd7 29. Qxe7 Qc7+ 30. Kg1 Ne5 31. Qxc7 Rxc7 32. cxb5 Rb8 33. f6 h5 34. Rd5
Rxc2 35. Rxe5 Rc4 36. Rfe1 Rxb4 37. Re8+ Rxe8 38. Rxe8+ Kh7 39. Rf8 Rxb5 40.
Rxf7+ Kh6 41. Rf8 g5 42. Rh8+ Kg6 43. f7 Kxf7 44. Rxh5 Kg6 45. Rh8 Rb2 46. Kh2
Rb3 47. Rf8 Ra3 48. Kg1 Ra1+ 49. Kf2 Ra2+ 50. Kg3 Ra3+ 51. Rf3 Ra6 52. Rb3 Rc6
53. Rb4 Rd6 54. Kf3 Rf6+ 55. Ke3 Re6+ 56. Re4 Ra6 57. Rc4 Ra3+ 58. Kf2 Ra6 59.
Kg3 Ra3+ 60. Kg4 Ra6 61. g3 Rb6 62. Rc3 Ra6 63. Kf3 Rb6 64. g4 Rb4 65. Ke3 Ra4
66. Rc6+ Kg7 67. Rd6 Ra3+ 68. Ke4 Rxh3 69. Kf5 Rf3+ 70. Kxg5 Rf7 71. Rg6+ Kh7
72. Rf6 Ra7 73. Rb6 Kg7 74. Kh5 Ra5+ 75. g5 Ra7 76. Rb5 Rc7 77. g6 Ra7 78. Kg5
Rc7 79. Rf5 Ra7 80. Rf7+ Rxf7 1/2-1/2

[Event "21st ch-EUR Indiv w 2021"]
[Site "Iasi ROU"]
[Date "2021.08.13"]
[Round "5.26"]
[White "Krasteva, Beloslava"]
[Black "Salimova, Nurgyul"]
[Result "1-0"]
[WhiteTitle "FM"]
[BlackTitle "IM"]
[WhiteElo "2243"]
[BlackElo "2382"]
[WhiteFideId "2922029"]
[BlackFideId "2915138"]
[EventDate "2021.08.09"]

1. d4 Nf6 2. Nf3 e6 3. e3 b6 4. c4 Bb7 5. Bd3 c5 6. O-O g6 7. Nc3 cxd4 8. exd4
Bg7 9. d5 O-O 10. Bf4 Na6 11. Bd6 Re8 12. Rc1 exd5 13. cxd5 Nc5 14. b4 Nxd3 15.
Qxd3 Rc8 16. Nd2 Rxc3 17. Rxc3 Nxd5 18. Rb3 Re6 19. Bg3 Qe7 20. a3 f5 21. f3 h5
22. h4 Bf6 23. Qc4 Kh7 24. Bf2 Be5 25. Re1 Bf4 26. Rxe6 dxe6 27. Nf1 g5 28. Rd3
Bd6 29. hxg5 Qxg5 30. Qh4 Qxh4 31. Bxh4 Ba6 32. Rd1 Bf4 33. Bf2 Kg6 34. Re1 Kf7
35. Ne3 Nc3 36. Kh1 Bb5 37. Nc2 Bd2 38. Ra1 Bg5 39. Be3 Be7 40. Nd4 Bd7 41. Bd2
Nd5 42. Ne2 Bf6 43. Re1 Be5 44. g3 Bc6 45. Kg2 Bb2 46. Bc1 Be5 47. Nf4 Bxf4 48.
Bxf4 a6 49. Rh1 Kg6 50. Kf2 Bd7 51. Be5 Bb5 52. Rc1 Bd7 53. Kg2 Kf7 54. Kh3 Bb5
55. Rc8 Bf1+ 56. Kh2 Ke7 57. Rh8 Kd7 58. Rxh5 Bc4 59. g4 fxg4 60. fxg4 Bd3 61.
Kg3 Ne7 62. Kf3 Kc6 63. Ke3 Bb1 64. Rh1 Bg6 65. Kf4 Nd5+ 66. Kg5 Bd3 67. Kh5 Kb5
68. g5 Ne7 69. Bf6 Ng6 70. Kh6 Ka4 71. Rh3 Bf5 72. Re3 b5 73. Bd8 Nh4 74. Kg7
Ng2 75. Rg3 Nf4 76. Re3 Ng2 77. Rc3 Nf4 78. Rf3 e5 79. Kf6 Bg4 80. Rf1 Be2 81.
Re1 Bd3 82. Kxe5 Ng6+ 83. Kf6 Nf4 84. Ra1 Kb3 85. Be7 Kb2 86. Rd1 Bc2 87. Rd2
Nh5+ 88. Ke5 Kc3 89. Rd6 Kb3 90. Rxa6 Ng7 91. Bf8 1-0

[Event "21st ch-EUR Indiv w 2021"]
[Site "Iasi ROU"]
[Date "2021.08.13"]
[Round "5.27"]
[White "Kulon, Klaudia"]
[Black "Gajcin, Marina"]
[Result "1-0"]
[WhiteTitle "IM"]
[BlackTitle "WIM"]
[WhiteElo "2363"]
[BlackElo "2219"]
[WhiteFideId "1131044"]
[BlackFideId "949086"]
[EventDate "2021.08.09"]

1. e4 c5 2. b4 b6 3. bxc5 bxc5 4. Nc3 Nc6 5. f4 g6 6. Nf3 Bg7 7. Rb1 d6 8. Bb5
Bd7 9. O-O Nd4 10. Bxd7+ Qxd7 11. e5 Rc8 12. Re1 Nh6 13. Nxd4 cxd4 14. exd6 O-O
15. Nd5 Nf5 16. Nxe7+ Nxe7 17. dxe7 Rfe8 18. Ba3 Bf6 19. Qf3 Rxc2 20. Rb7 Rc7
21. Reb1 d3 22. Rxc7 Qxc7 23. Qxd3 Bxe7 24. Qe3 Qd7 25. Bb2 Bb4 26. Qd4 Qxd4+
27. Bxd4 Bxd2 28. Bxa7 Bxf4 29. Kf2 Be5 30. Kf3 Rc8 31. h3 Rc4 32. Rb5 Ra4 33.
Bb6 f6 34. Ra5 Rf4+ 35. Ke3 Rc4 36. Ra8+ Kf7 37. a4 Ke6 38. a5 Rc3+ 39. Kd2 Rb3
40. Kc2 Rb2+ 41. Kd3 Kf5 42. Kc4 Kf4 43. Bc5 Kg3 44. a6 Kxg2 45. a7 Rc2+ 46. Kb5
Bg3 47. Rd8 Rxc5+ 48. Kxc5 Bf2+ 49. Rd4 Bxd4+ 50. Kxd4 Kxh3 51. a8=Q h5 52. Qf3+
Kh2 53. Qxf6 1-0

[Event "21st ch-EUR Indiv w 2021"]
[Site "Iasi ROU"]
[Date "2021.08.13"]
[Round "5.28"]
[White "Charochkina, Daria"]
[Black "Toncheva, Nadya"]
[Result "0-1"]
[WhiteTitle "IM"]
[BlackTitle "FM"]
[WhiteElo "2340"]
[BlackElo "2156"]
[WhiteFideId "4180917"]
[BlackFideId "2924056"]
[EventDate "2021.08.09"]

1. e4 c5 2. Na3 g6 3. Nf3 Bg7 4. c3 Nf6 5. e5 Nd5 6. d4 cxd4 7. Qxd4 Nc7 8. Qh4
Nc6 9. Bh6 Ne6 10. Bxg7 Nxg7 11. O-O-O Qa5 12. Bc4 a6 13. Rhe1 b5 14. Bd5 Qc7
15. Ng5 Ne6 16. Bxe6 dxe6 17. Qh6 Bd7 18. Re4 b4 19. cxb4 Nxe5+ 20. Kb1 f6 21.
f4 Nf7 22. Nxf7 Kxf7 23. Rc4 Qb7 24. Rcd4 Bc6 25. Nc4 Rac8 26. a3 Qb5 27. Ne3
Qe2 28. Qh3 Ba4 29. R4d2 Bxd1 30. Rxe2 Bxe2 31. g4 h5 32. f5 hxg4 33. fxe6+ Kxe6
34. Qg2 Bf3 35. Qf1 Rxh2 36. Qxa6+ Rc6 37. Qd3 f5 38. Qb3+ Kf6 39. b5 Rh1+ 40.
Ka2 Rcc1 41. Qg8 g3 42. Qf8+ Kg5 43. a4 Rhe1 44. Qxe7+ Kf4 45. Qh4+ Kxe3 46.
Qxg3 f4 47. Qxg6 Ra1+ 48. Kb3 Bd1+ 49. Kc3 Kf2 50. b3 Rc1+ 51. Kb4 Re3 52. Qh6
Rxb3+ 53. Ka5 Rc4 54. Qh2+ Ke3 55. Qg1+ Kd2 56. Qf2+ Kc1 57. Kb6 Rxa4 58. Qc5+
Bc2 59. Kc7 f3 60. b6 Rab4 61. Qg1+ Kb2 62. Qe1 Rc4+ 63. Kb8 Rxb6+ 64. Ka7 Rb3
65. Qe5+ Ka2 0-1

[Event "21st ch-EUR Indiv w 2021"]
[Site "Iasi ROU"]
[Date "2021.08.13"]
[Round "5.29"]
[White "Peycheva, Gergana"]
[Black "Grigorieva, Yulia"]
[Result "1/2-1/2"]
[WhiteTitle "FM"]
[BlackTitle "WFM"]
[WhiteElo "2332"]
[BlackElo "2140"]
[WhiteFideId "2916711"]
[BlackFideId "34104868"]
[EventDate "2021.08.09"]

1. d4 Nf6 2. c4 e6 3. Nf3 b6 4. a3 Bb7 5. Nc3 d5 6. cxd5 Nxd5 7. Qc2 Nxc3 8.
bxc3 Be7 9. e4 O-O 10. Bd3 c5 11. O-O Qc7 12. Qe2 Nd7 13. a4 Rac8 14. Bd2 Rfd8
15. Rfc1 Nf8 16. a5 c4 17. axb6 axb6 18. Bc2 b5 19. h4 Ra8 20. h5 h6 21. Nh2 Bg5
22. Bxg5 hxg5 23. Ng4 f6 24. h6 Ng6 25. hxg7 Kxg7 26. g3 Rh8 27. Rxa8 Bxa8 28.
Ra1 f5 29. Nh2 Qb7 30. d5 f4 31. dxe6 fxg3 32. fxg3 Qb6+ 33. Kg2 Rf8 34. Nf3
Qxe6 35. Nxg5 Qb6 36. Qd2 Ne5 37. Qd4 Qf6 38. Qe3 Kg6 39. Nh3 Ng4 40. Qf4 Qxf4
41. Nxf4+ Kf7 42. Ra7+ Kf6 43. Kf3 Ne5+ 44. Ke3 Bc6 45. Nd5+ Ke6 46. Nf4+ Kd6
47. Rg7 Ra8 48. Ne2 Ra3 49. Kd2 1/2-1/2

[Event "21st ch-EUR Indiv w 2021"]
[Site "Iasi ROU"]
[Date "2021.08.13"]
[Round "5.30"]
[White "Gvanceladze, Anna"]
[Black "Chernyak, Viktoria"]
[Result "1/2-1/2"]
[WhiteTitle "WFM"]
[BlackTitle "WGM"]
[WhiteElo "2182"]
[BlackElo "2319"]
[WhiteFideId "4113721"]
[BlackFideId "24165956"]
[EventDate "2021.08.09"]

1. d4 Nf6 2. Nf3 e6 3. c4 d5 4. Nc3 c6 5. cxd5 exd5 6. Qc2 Bd6 7. Bg5 O-O 8. e3
h6 9. Bh4 Re8 10. Bd3 Nbd7 11. O-O Nf8 12. e4 dxe4 13. Nxe4 Be7 14. Nc5 Nd5 15.
Bxe7 Rxe7 16. Bc4 b6 17. Nd3 Bf5 18. Qb3 Be6 19. Nb4 Nxb4 20. Qxb4 Rd7 21. Rac1
Rc8 22. Rfe1 Rd6 23. Qa3 Rc7 24. h3 Bd5 25. Bxd5 Rxd5 26. Ne5 Qd6 27. Qxd6 Rxd6
28. b4 f6 29. Nf3 Rcd7 30. Re8 Kf7 31. Rc8 Ne6 32. R8xc6 Rxc6 33. Rxc6 Nxd4 34.
Nxd4 Rxd4 35. a3 Kg6 36. Rc7 1/2-1/2

[Event "21st ch-EUR Indiv w 2021"]
[Site "Iasi ROU"]
[Date "2021.08.13"]
[Round "5.31"]
[White "Pavlidou, Ekaterini"]
[Black "Mamedjarova, Turkan"]
[Result "1/2-1/2"]
[WhiteTitle "WIM"]
[BlackTitle "WGM"]
[WhiteElo "2136"]
[BlackElo "2309"]
[WhiteFideId "4213262"]
[BlackFideId "13402005"]
[EventDate "2021.08.09"]

1. d4 Nf6 2. c4 e6 3. Nc3 Bb4 4. e3 O-O 5. Bd2 d5 6. Nf3 b6 7. cxd5 exd5 8. Rc1
Bb7 9. Bd3 Nbd7 10. O-O Qe7 11. a3 Bxc3 12. Bxc3 Ne4 13. b4 f5 14. Bb2 Qd6 15.
Ne5 Nxe5 16. dxe5 Qd7 17. f3 Ng5 18. Qc2 Rf7 19. h4 Ne6 20. Bxf5 g6 21. Bg4 Qe7
22. Qb3 Re8 23. Bxe6 Qxe6 24. Rf2 a6 25. Qd3 Ree7 26. Qd4 Rf5 27. Rfc2 Rff7 28.
a4 g5 29. hxg5 h6 30. gxh6 Qxh6 31. e6 Rh7 32. Qf4 Qxe6 33. Rxc7 Rxc7 34. Rxc7
Rxc7 35. Qxc7 Qxe3+ 36. Kh2 Qh6+ 37. Kg1 Qe3+ 38. Kh2 Qh6+ 39. Kg3 Qg5+ 40. Kh3
Qh5+ 41. Kg3 Qg5+ 42. Kh3 Qh5+ 1/2-1/2

[Event "21st ch-EUR Indiv w 2021"]
[Site "Iasi ROU"]
[Date "2021.08.13"]
[Round "5.32"]
[White "Calzetta Ruiz, Monica"]
[Black "Petrova, Irina"]
[Result "1-0"]
[WhiteTitle "WGM"]
[BlackTitle "WIM"]
[WhiteElo "2306"]
[BlackElo "2110"]
[WhiteFideId "2204185"]
[BlackFideId "14124122"]
[EventDate "2021.08.09"]

1. e4 d6 2. d4 Nf6 3. Nc3 e5 4. Nf3 Nbd7 5. Bc4 Be7 6. O-O O-O 7. a4 c6 8. h3 b6
9. Qe2 Bb7 10. Rd1 Qc7 11. d5 cxd5 12. Nxd5 Nxd5 13. Bxd5 Bxd5 14. Rxd5 Rac8 15.
c3 Qc4 16. Qxc4 Rxc4 17. Nd2 Rc6 18. f3 Nc5 19. a5 b5 20. b4 Ne6 21. Rxb5 Rxc3
22. Nf1 Rfc8 23. Be3 Nd4 24. Rb7 R3c7 25. a6 h6 26. b5 Bd8 27. b6 axb6 28. Rxc7
Bxc7 29. Bxd4 exd4 30. Rc1 d5 31. a7 dxe4 32. Rxc7 Ra8 33. fxe4 g6 34. e5 b5 35.
Rb7 Kg7 36. e6 1-0

[Event "21st ch-EUR Indiv w 2021"]
[Site "Iasi ROU"]
[Date "2021.08.13"]
[Round "5.33"]
[White "Cosman, Andreea-Marioara"]
[Black "Mamedjarova, Zeinab"]
[Result "0-1"]
[WhiteTitle "WFM"]
[BlackTitle "WGM"]
[WhiteElo "2143"]
[BlackElo "2272"]
[WhiteFideId "1217968"]
[BlackFideId "13401521"]
[EventDate "2021.08.09"]

1. d4 Nf6 2. c4 e6 3. Nc3 b6 4. a3 Bb7 5. Nf3 d5 6. cxd5 Nxd5 7. Qc2 Nxc3 8.
Qxc3 Be7 9. Bf4 c6 10. g3 O-O 11. Bg2 Nd7 12. Ne5 Rc8 13. O-O Nxe5 14. Bxe5 Ba6
15. Bf3 c5 16. Rfd1 cxd4 17. Rxd4 Qe8 18. Qd2 Qb5 19. Bd6 Bg5 20. a4 Qf5 21. Qd1
Rfd8 22. e4 Qg6 23. e5 Qc2 24. h4 Bc1 25. Ba3 Qxd1+ 26. Rxd1 Rxd1+ 27. Bxd1 f6
28. exf6 gxf6 29. Bf3 Bd3 30. b4 Bd2 31. Rd1 Rc2 32. Kg2 Bc4 33. Be4 Bd5 34.
Bxd5 exd5 35. Kf3 Kf7 36. b5 Rc3+ 37. Kg4 Rxa3 38. Rxd2 Ke6 39. Re2+ Kd6 40. Kf5
Rf3+ 41. Kg4 Ra3 42. Kh5 Rxa4 43. Kh6 Rg4 44. Re8 Kc5 45. Re7 Kxb5 46. Rxh7 a5
47. Kh5 Rg8 48. g4 a4 49. Rd7 Rh8+ 50. Kg6 Rxh4 51. f3 Rh3 52. f4 Rf3 53. Kf5 a3
54. Rxd5+ Kc4 0-1

[Event "21st ch-EUR Indiv w 2021"]
[Site "Iasi ROU"]
[Date "2021.08.13"]
[Round "5.34"]
[White "Kazarian, Anna-Maja"]
[Black "Sandu, Mihaela"]
[Result "1-0"]
[WhiteTitle "FM"]
[BlackTitle "WGM"]
[WhiteElo "2096"]
[BlackElo "2263"]
[WhiteFideId "1033689"]
[BlackFideId "1204327"]
[EventDate "2021.08.09"]

1. Nf3 d5 2. e3 Nf6 3. c4 e6 4. b3 c5 5. Bb2 Nc6 6. cxd5 exd5 7. d4 cxd4 8. Nxd4
Bb4+ 9. Bc3 Bd6 10. Nd2 O-O 11. Be2 Re8 12. h3 a6 13. Qc2 Bd7 14. Qb2 Rc8 15.
O-O Ne4 16. Nxe4 dxe4 17. Rfd1 Qg5 18. Kf1 Bb8 19. f4 exf3 20. Nxf3 Qxe3 21.
Rxd7 Ba7 22. Bc4 Ne5 23. Bxe5 Rxe5 24. Re1 1-0

[Event "21st ch-EUR Indiv w 2021"]
[Site "Iasi ROU"]
[Date "2021.08.13"]
[Round "5.35"]
[White "Muetsch, Annmarie"]
[Black "Tarasenka, Aliaksandra"]
[Result "1-0"]
[WhiteTitle "WIM"]
[BlackTitle "WFM"]
[WhiteElo "2259"]
[BlackElo "2061"]
[WhiteFideId "12971367"]
[BlackFideId "13514288"]
[EventDate "2021.08.09"]

1. Nf3 c5 2. e4 e6 3. d3 Nc6 4. Nbd2 g6 5. g3 Bg7 6. Bg2 Nge7 7. O-O d5 8. Re1
O-O 9. Nf1 e5 10. a4 h6 11. exd5 Nxd5 12. Ne3 Ndb4 13. Nc4 Bg4 14. Be3 Nd4 15.
Bxd4 exd4 16. h3 Be6 17. Rxe6 fxe6 18. Qe2 Qd7 19. Nh4 g5 20. Ng6 Rf5 21. Be4
Re8 22. Re1 Rf6 23. b3 Nd5 24. Nce5 Qd6 25. Qh5 Qc7 26. Ng4 Qf7 27. N4e5 Qc7 28.
h4 gxh4 29. Qxh4 Ne7 30. Nxe7+ Qxe7 31. Ng4 b6 32. f4 Ref8 33. Ne5 Qd8 34. Qg4
Rf5 35. Nc6 Qd6 36. Qg6 R8f6 37. Qe8+ Kh7 38. Ne7 h5 39. Qxh5+ Rh6 40. Bxf5+
exf5 41. Qxf5+ Kh8 42. Qc8+ 1-0

[Event "21st ch-EUR Indiv w 2021"]
[Site "Iasi ROU"]
[Date "2021.08.13"]
[Round "5.36"]
[White "Nilssen, Ellen Fredericia"]
[Black "Havanecz, Bianka"]
[Result "1/2-1/2"]
[WhiteTitle "WFM"]
[BlackTitle "WIM"]
[WhiteElo "2081"]
[BlackElo "2257"]
[WhiteFideId "1441230"]
[BlackFideId "704814"]
[EventDate "2021.08.09"]

1. d4 d5 2. c4 e6 3. Nc3 Nf6 4. cxd5 exd5 5. Bg5 c6 6. e3 Be7 7. Bd3 Nbd7 8. h3
O-O 9. Nf3 Re8 10. Bf4 Nf8 11. Qc2 Be6 12. O-O Bd6 13. Bxd6 Qxd6 14. a3 a5 15.
Rab1 N6d7 16. b4 axb4 17. axb4 b5 18. e4 Nb6 19. Rfc1 Nc4 20. Bxc4 dxc4 21. Rd1
Reb8 22. d5 cxd5 23. Nxd5 Bxd5 24. Rxd5 Qa6 25. Nd4 Ne6 26. Qd2 h6 27. Rd1 Nxd4
28. Qxd4 Rc8 29. Qe5 Qa4 30. Qe7 Re8 31. Qc5 Rxe4 32. Qxb5 Qxb5 33. Rxb5 Ra2 34.
Rf5 c3 35. Rc5 c2 36. Rc1 Re2 37. Kf1 Rd2 38. Ke1 Rd4 39. b5 Rb4 40. R1xc2 1/2-1/2

[Event "21st ch-EUR Indiv w 2021"]
[Site "Iasi ROU"]
[Date "2021.08.13"]
[Round "5.37"]
[White "Petrenko, Svetlana"]
[Black "Sieber, Fiona"]
[Result "0-1"]
[WhiteTitle "IM"]
[BlackTitle "WIM"]
[WhiteElo "2018"]
[BlackElo "2254"]
[WhiteFideId "13900196"]
[BlackFideId "12902373"]
[EventDate "2021.08.09"]

1. e4 c5 2. Nf3 e6 3. d4 cxd4 4. Nxd4 a6 5. c4 Nf6 6. Nc3 Qc7 7. Nc2 b6 8. Bd3
Nc6 9. f4 Nb4 10. Nxb4 Bxb4 11. Qe2 Bb7 12. O-O d6 13. Bd2 O-O 14. Kh1 Bc5 15.
Rf3 Bd4 16. Rh3 g6 17. Rf1 Rfe8 18. Qe1 Ng4 19. Qh4 f5 20. b3 Qg7 21. Nd1 Nf6
22. exf5 exf5 23. Bc3 Bxc3 24. Nxc3 Re7 25. Qf2 Ng4 26. Qxb6 Qxc3 27. Be4 Qg7
28. Bf3 Rae8 29. Bd5+ Bxd5 30. cxd5 Re1 31. Rf3 Qa1 32. Qg1 R8e2 0-1

[Event "21st ch-EUR Indiv w 2021"]
[Site "Iasi ROU"]
[Date "2021.08.13"]
[Round "5.38"]
[White "Zeliantsova, Kseniya"]
[Black "Navrotescu, Andreea"]
[Result "1-0"]
[WhiteTitle "WFM"]
[BlackTitle "WIM"]
[WhiteElo "1970"]
[BlackElo "2249"]
[WhiteFideId "13512617"]
[BlackFideId "675946"]
[EventDate "2021.08.09"]

1. e4 c5 2. Nf3 d6 3. Bb5+ Bd7 4. Bxd7+ Qxd7 5. c4 e5 6. O-O Nc6 7. Nc3 g6 8.
Nd5 Bg7 9. d3 h6 10. a3 Nge7 11. b4 O-O 12. Bxh6 cxb4 13. Bxg7 Kxg7 14. Nxb4 f5
15. Re1 a5 16. Nd5 Nxd5 17. cxd5 Ne7 18. Ng5 Rfc8 19. d4 fxe4 20. dxe5 dxe5 21.
d6 Nf5 22. Qd5 Qxd6 23. Qf7+ Kh6 24. Qxf5 Qe7 25. Nf7+ Kg7 26. Qxe5+ Kxf7 27.
Qd5+ Kg7 28. Rxe4 Qf7 29. Qd4+ Kg8 30. Rh4 Qg7 31. Qd5+ Qf7 32. Rh8+ 1-0

[Event "21st ch-EUR Indiv w 2021"]
[Site "Iasi ROU"]
[Date "2021.08.13"]
[Round "5.39"]
[White "Cosma, Elena-Luminita"]
[Black "Froewis, Annika"]
[Result "1/2-1/2"]
[WhiteTitle "WGM"]
[BlackTitle "WFM"]
[WhiteElo "2311"]
[BlackElo "2107"]
[WhiteFideId "1201590"]
[BlackFideId "1621432"]
[EventDate "2021.08.09"]

1. d4 d5 2. c4 e6 3. Nf3 Nf6 4. g3 dxc4 5. Bg2 Bd7 6. Nbd2 Bb4 7. Qc2 Bc6 8.
Qxc4 Bxd2+ 9. Bxd2 O-O 10. Rc1 Na6 11. O-O Bd5 12. Qa4 c6 13. Rfd1 Be4 14. Bg5
h6 15. Bxf6 Qxf6 16. Ne5 Bxg2 17. Kxg2 Nb8 18. Qb4 b6 19. Nxc6 Nxc6 20. Rxc6 Qf5
21. Qc4 b5 22. Qb3 Rac8 23. d5 Qe4+ 24. Qf3 exd5 25. Rxc8 Rxc8 26. Rxd5 Qxf3+
27. Kxf3 a6 28. Rd6 Rc2 29. Rxa6 Rxb2 30. g4 b4 31. h4 g6 32. e3 Kg7 33. Kg3 b3
34. axb3 Rxb3 35. Ra5 Rc3 36. h5 g5 37. Re5 Rc4 38. f4 gxf4+ 39. exf4 Rc3+ 40.
Kf2 Ra3 41. Re3 Ra2+ 42. Kf3 Ra4 43. Rd3 Ra1 44. Ke4 Ra4+ 45. Ke5 Ra5+ 46. Rd5
Ra1 47. Kf5 Rh1 48. Rd6 Rh2 49. Rd1 Ra2 50. Ke4 Ra4+ 51. Rd4 Ra1 52. f5 Kf6 53.
Rd8 Ra4+ 54. Kf3 Ra3+ 55. Kf4 Ra4+ 56. Kg3 Kg5 57. Rg8+ Kf6 58. Kh4 Ra1 59. Rb8
Rh1+ 60. Kg3 Ra1 61. Kh4 1/2-1/2

[Event "21st ch-EUR Indiv w 2021"]
[Site "Iasi ROU"]
[Date "2021.08.13"]
[Round "5.40"]
[White "Novosadova, Kristyna"]
[Black "Sedina, Elena"]
[Result "0-1"]
[WhiteTitle "WIM"]
[BlackTitle "IM"]
[WhiteElo "2138"]
[BlackElo "2279"]
[WhiteFideId "328065"]
[BlackFideId "812153"]
[EventDate "2021.08.09"]

1. d4 d5 2. c4 c6 3. cxd5 cxd5 4. Nc3 Nf6 5. Bg5 e6 6. e3 Nc6 7. Bd3 Be7 8. f4
Bd7 9. Nf3 h6 10. Bxf6 Bxf6 11. Rc1 Rc8 12. O-O O-O 13. Ne5 Nxe5 14. dxe5 Be7
15. Rf3 Qb6 16. Rc2 f5 17. exf6 Bxf6 18. f5 Bxc3 19. fxe6 Ba4 20. b3 Bb5 21.
Rxc3 Rxc3 22. Rxf8+ Kxf8 23. Qf3+ Ke7 24. Qf7+ Kd6 25. Qf4+ Kxe6 26. Bf5+ Kf7
27. Be4+ Qf6 28. Bxd5+ Ke7 0-1

[Event "21st ch-EUR Indiv w 2021"]
[Site "Iasi ROU"]
[Date "2021.08.13"]
[Round "5.41"]
[White "Nastase, Andreea-Cristina"]
[Black "Ciolacu, Alessia-Mihaela"]
[Result "1/2-1/2"]
[WhiteTitle "WFM"]
[BlackTitle "WFM"]
[WhiteElo "2074"]
[BlackElo "2241"]
[WhiteFideId "1221183"]
[BlackFideId "1252640"]
[EventDate "2021.08.09"]

1. d4 d5 2. c4 e6 3. Nc3 a6 4. cxd5 exd5 5. Nf3 Nf6 6. Bg5 Be6 7. Bxf6 Qxf6 8.
Qb3 Ra7 9. a3 Qd8 10. Qc2 b5 11. e4 dxe4 12. Nxe4 Be7 13. Bd3 Bd5 14. O-O O-O
15. Rfe1 Nc6 16. Ned2 h6 17. Bh7+ Kh8 18. Be4 Re8 19. Rac1 Nb8 20. Bxd5 Qxd5 21.
Qb3 Qxb3 22. Nxb3 Kg8 23. Re2 Kf8 24. Rce1 Nd7 25. Nc5 Nxc5 26. dxc5 c6 27. Nd4
Rc8 28. b4 g6 29. Nb3 Rd7 30. Na5 Bg5 31. g3 Rd3 32. h4 Bf6 33. Re3 Rxe3 34.
Rxe3 Bd8 1/2-1/2

[Event "21st ch-EUR Indiv w 2021"]
[Site "Iasi ROU"]
[Date "2021.08.13"]
[Round "5.42"]
[White "Zherebtsova, Alexandra"]
[Black "Schloffer, Jasmin-Denise"]
[Result "1-0"]
[WhiteTitle "WFM"]
[BlackTitle "WFM"]
[WhiteElo "2188"]
[BlackElo "2070"]
[WhiteFideId "24129518"]
[BlackFideId "1631209"]
[EventDate "2021.08.09"]

1. d4 Nf6 2. c4 e6 3. g3 d5 4. Bg2 Be7 5. Nf3 O-O 6. Qc2 a6 7. Nbd2 Nbd7 8. O-O
c6 9. e4 dxc4 10. Nxc4 c5 11. Rd1 b5 12. d5 bxc4 13. d6 Bxd6 14. Rxd6 Qc7 15.
Rd1 e5 16. Nd2 Nb6 17. Nxc4 Nxc4 18. Qxc4 Be6 19. Qc3 Rad8 20. Be3 c4 21. f3 h6
22. Bf1 Rxd1 23. Rxd1 Rc8 24. Rc1 Ne8 25. Qa3 Qb7 26. Rc2 Rc6 27. Qa5 Qc7 28.
Qxc7 Rxc7 29. Bb6 Rc8 30. Kf2 Kf8 31. Ba5 f6 32. Rd2 Rb8 33. f4 exf4 34. gxf4 g6
35. Ke3 Ke7 36. Bc3 Nc7 37. a4 Ne8 38. e5 fxe5 39. fxe5 Ng7 40. Kd4 Nf5+ 41. Kc5
Rc8+ 42. Kb6 Ne3 43. Be2 Nd5+ 44. Kxa6 Ra8+ 45. Kb5 Nxc3+ 46. bxc3 Bd7+ 47. Kxc4
Rxa4+ 48. Kb3 Re4 49. Bd3 Rxe5 50. Bxg6 Rg5 51. Be4 Rb5+ 52. Kc4 Ra5 53. Kd4 Be6
54. c4 Kd6 55. Rb2 Rh5 56. c5+ Kc7 57. Rf2 Rh4 58. Ke5 Bb3 59. Rb2 Rh5+ 60. Kf6
Bd5 61. Kg6 Rxh2 62. Rxh2 Bxe4+ 63. Kf6 Kc6 64. Ke5 Bf3 65. Kd4 h5 66. Rf2 Bg4
67. Rf6+ Kc7 68. Rh6 Bf3 69. Ke5 Bd1 70. Rf6 Bb3 71. Kd4 Bd1 72. Rb6 Bg4 73. Rh6
Bf3 74. Ke5 Bg4 75. Rf6 Bd1 76. c6 h4 77. Kd5 h3 78. Rf7+ Kb8 79. Kd6 Bg4 80.
Rg7 Bf5 81. Rg8+ Bc8 82. Rh8 1-0

[Event "21st ch-EUR Indiv w 2021"]
[Site "Iasi ROU"]
[Date "2021.08.13"]
[Round "5.43"]
[White "Koubova, Anna Marie"]
[Black "Makropoulou, Marina"]
[Result "0-1"]
[BlackTitle "WGM"]
[WhiteElo "2073"]
[BlackElo "2186"]
[WhiteFideId "381470"]
[BlackFideId "4200187"]
[EventDate "2021.08.09"]

1. d4 Nf6 2. c4 e6 3. Nc3 d5 4. cxd5 exd5 5. Bg5 Be7 6. e3 c6 7. Bd3 O-O 8. Qc2
Nbd7 9. Nf3 Re8 10. O-O Nf8 11. h3 g6 12. Bh6 Bd6 13. Rae1 Bd7 14. Bg5 Ne6 15.
Bh4 Ng7 16. e4 dxe4 17. Nxe4 Be7 18. Neg5 Nd5 19. Qd2 Bb4 20. Rxe8+ Qxe8 21. Qe2
Qxe2 22. Bxe2 Nf5 23. Bd3 Nxh4 24. Nxh4 Kg7 25. Ne4 Rd8 26. Rd1 Nf4 27. Bf1 Be6
28. Nc3 a6 29. a3 Be7 30. Nf3 Bb3 31. Rd2 Bf6 32. Ne4 Bd5 33. Nxf6 Bxf3 34. Nxh7
Bxg2 35. Ng5 Bd5 36. f3 Re8 37. Kf2 f6 38. Ne4 Bxe4 39. fxe4 Rxe4 40. Bg2 Nxg2
41. Kxg2 Re3 42. d5 cxd5 43. Rxd5 Rb3 44. Rd2 Kh6 45. Rc2 f5 46. Kh2 Kh5 47. Rf2
Kg5 48. Rg2+ Kh4 49. Rxg6 Rxb2+ 50. Kg1 Kxh3 51. a4 Kh4 52. Kf1 a5 53. Rg7 Kh5
54. Ke1 Kh6 55. Rg8 Rb4 0-1

[Event "21st ch-EUR Indiv w 2021"]
[Site "Iasi ROU"]
[Date "2021.08.13"]
[Round "5.44"]
[White "Katkov, Michelle"]
[Black "Tsirulnik, Maritsa"]
[Result "0-1"]
[WhiteTitle "WFM"]
[WhiteElo "2173"]
[BlackElo "2046"]
[WhiteFideId "2816393"]
[BlackFideId "14118688"]
[EventDate "2021.08.09"]

1. e4 c5 2. c3 Nf6 3. e5 Nd5 4. d4 cxd4 5. cxd4 d6 6. Nf3 Nc6 7. Bc4 Nb6 8. Bb5
dxe5 9. Nxe5 Bd7 10. Nxd7 Qxd7 11. O-O e6 12. Nc3 Be7 13. Qg4 O-O 14. Bxc6 bxc6
15. Bh6 Bf6 16. Rfd1 Kh8 17. Ne4 Qe7 18. Bf4 Rfd8 19. Be5 Bxe5 20. dxe5 Rd5 21.
f4 h6 22. Rac1 Rad8 23. Nd6 Qd7 24. Rc3 f5 25. Qh5 Kg8 26. Rxd5 cxd5 27. Qe2 Nc8
28. Nb5 Qb7 29. Rc7 Qb6+ 30. Kh1 a6 31. Qh5 Kh8 32. Qf7 Rg8 33. Na7 Nxa7 34.
Rxa7 Qf2 35. h3 Qf1+ 36. Kh2 Qxf4+ 37. Kh1 Qxe5 38. Qd7 Qe1+ 39. Kh2 Qe5+ 40.
Kh1 Qxb2 41. Qxe6 Qc1+ 42. Kh2 Qf4+ 43. Kh1 Rb8 44. Rb7 Qc1+ 45. Kh2 Rxb7 0-1